Registrácia EAN kódu podľa celosvetových štandardov

Popis EAN kódu (European Article Number). Praktické určenie EAN kódu. Sled udalostí spojených so zavedením čiarového kódu.

Gespeichert in:
Bibliographische Detailangaben
1. Verfasser: Kopčáková, Janka, 1994-
Format: Buchkapitel
Sprache:Slowakisch
Schlagworte:
Tags: Tag hinzufügen
Keine Tags, Fügen Sie das erste Tag hinzu!

MARC

LEADER 00000naa$a2200000$$$4500
001 0281815
005 20240502074404.5
041 0 |a slo 
044 |a SK 
245 1 0 |a Registrácia EAN kódu podľa celosvetových štandardov  |c Janka Kopčáková 
520 |a Popis EAN kódu (European Article Number). Praktické určenie EAN kódu. Sled udalostí spojených so zavedením čiarového kódu. 
610 2 0 |a kódy čiarové 
610 2 0 |a štandardy 
610 2 0 |a podnik 
610 2 0 |a podnikatelia 
610 2 0 |a Európa 
100 1 |a Kopčáková, Janka, 1994-